01189nam a22003495b 4500001000600000003000900006005001700015007000300032008003500035017000900070020001500079040003000094082002600124100003500150245005000185250001400235264005100249300004600300336002900346337003500375338002900410490005100439590002600490600000600516650003600522650003200558700004800590910004100638942001200679952013100691999001700822 446 DO-SdBPM20250611095547.0ta950710s2000 sp a | | ||spa  a b  a842413186X aDO-SdBPMbspacBPMSUerda 4a863.6bM752d 20002221 a Monreal, Violeta. eautor d 10aDe qué tienes miedo? /cVioleta Monreal.h  a 3a. ed.  aLeón, España : bEditorial Everest, c2000 a35 páginas . :bil.ustraciones ;c21 cm atexto btxt 2rdacontent asin mediación bn2rdamedia  avolumen bnc2rdacarrier0 aMontaña encantada; aPrimeros lectores, v  aInventariado, 2025/VM 2  7aCuentos infantiles españoles  7aMiedo vCuentos infantiles 1 aPrestifilippo, Pablo Rafael, eilustrador  aVMateo V. Control de calidad. BPMSU  2ddccBK 00102ddc708CI-GaBPMETbBPMETd2025-06-11eCompral0oBPMSU CGI 863.6 M752d 2000pBPMSU25060045r2025-06-11w2025-06-11yBK c15153d15153